[Event "Teresina Nordeste Cup"]
[Site "Teresina"]
[Date "2022.07.24"]
[Round "5"]
[White "Dantas, Marcos Dimitri De R"]
[Black "Lima Filho, Jose Pacifico"]
[Result "0-1"]
[WhiteElo "1561"]
[BlackElo "1768"]
[PlyCount "43"]
[EventDate "2022.07.22"]
[EventType "swiss"]
[EventRounds "6"]
[EventCountry "BRA"]
[SourceTitle "CBM 209 Extra"]
[Source "ChessBase"]
[SourceDate "2022.09.30"]
[SourceVersion "1"]
[SourceVersionDate "2022.09.30"]
[SourceQuality "1"]

1. e4 c6 2. d4 d5 3. e5 Bf5 4. c3 e6 5. a3 Nd7 6. h4 h6 7. g4 Bg6 8. h5 Bh7 9. Nd2 c5 10. b4 cxd4 11. cxd4 Rc8 12. Ra2 Qc7 13. Ra1 Qc3 14. Qa4 Qxa1 15. Nb3 Rxc1+ 16. Nxc1 Qxc1+ 17. Qd1 Qxa3 18. Rh3 Bxb4+ 19. Ke2 Qa2+ 20. Kf3 Be4+ 21. Kg3 Ne7 22. Kh2 0-1

[Event "Sao Luis Franklin Memorial 29th"]
[Site "Sao Luis"]
[Date "2022.01.15"]
[Round "2"]
[White "Lima Filho, Jose Pacifico"]
[Black "Dias, Yuri de Carlos Sant"]
[Result "0-1"]
[WhiteElo "1756"]
[BlackElo "2054"]
[PlyCount "98"]
[EventDate "2022.01.14"]
[EventType "swiss"]
[EventRounds "5"]
[EventCountry "BRA"]
[SourceTitle "CBM 206 Extra"]
[Source "ChessBase"]
[SourceDate "2022.03.31"]
[SourceVersion "1"]
[SourceVersionDate "2022.03.31"]
[SourceQuality "1"]

1. d4 Nf6 2. Nf3 e6 3. Bf4 d5 4. Nbd2 Be7 5. h3 0-0 6. e3 Nbd7 7. Bd3 c5 8. c3 b6 9. 0-0 Bb7 10. Ne5 Rc8 11. Rc1 a6 12. a4 Re8 13. Ndf3 Nf8 14. Ng5 Ra8 15. Ngxf7 Qc8 16. Ng5 N6d7 17. Ngf7 Nxe5 18. Nxe5 Bf6 19. Ng4 Bd8 20. Ne5 Bf6 21. Ng4 Qd7 22. Ne5 Qe7 23. Bg3 g6 24. Be2 Bg7 25. Bf3 Rad8 26. Qb3 Rd6 27. dxc5 bxc5 28. Nxg6 hxg6 29. Bxd6 Qxd6 30. Qxb7 Rb8 31. Qa7 Rxb2 32. c4 d4 33. Rb1 dxe3 34. Rxb2 Bxb2 35. fxe3 Qe5 36. Bg4 Qxe3+ 37. Kh1 Bg7 38. Qxa6 Qg3 39. Bxe6+ Kh7 40. Qb7 Nxe6 41. Qf3 Qe5 42. a5 Nd4 43. Qg4 Nf5 44. Rb1 Ng3+ 45. Kg1 Qe3+ 46. Kh2 Be5 47. Qh4+ Nh5+ 48. Kh1 Bf6 49. Qe1 Ng3+ 0-1

[Event "Teresina Piauiense-ch"]
[Site "Teresina"]
[Date "2019.10.20"]
[Round "6"]
[White "Amorim, Gidelson Ferreira"]
[Black "Lima Filho, Jose Pacifico"]
[Result "1-0"]
[WhiteElo "2062"]
[BlackElo "1763"]
[PlyCount "49"]
[EventDate "2019.10.11"]
[EventType "tourn"]
[EventRounds "9"]
[EventCountry "BRA"]
[SourceTitle "CBM 192 Extra"]
[Source "Chessbase"]
[SourceDate "2019.11.06"]
[SourceVersion "1"]
[SourceVersionDate "2019.11.06"]
[SourceQuality "1"]

1. e4 c6 2. d4 d5 3. exd5 cxd5 4. c4 Nf6 5. Nc3 Nc6 6. Bg5 e6 7. Nf3 Be7 8. c5 0-0 9. Bb5 Bd7 10. Bxc6 Bxc6 11. Ne5 Qc7 12. 0-0 Rfe8 13. Qf3 Rf8 14. Bf4 Qc8 15. b4 Ne4 16. Nxc6 Qxc6 17. b5 Qd7 18. Nxe4 dxe4 19. Qxe4 Qxb5 20. Rab1 Qc6 21. f3 Rfd8 22. Rxb7 Qxe4 23. fxe4 Bf8 24. Be3 g6 25. Rfxf7 1-0

[Event "Teresina op 7th"]
[Site "Teresina"]
[Date "2019.08.03"]
[Round "4"]
[White "Luz, Christian Oliveira"]
[Black "Lima Filho, Jose Pacifico"]
[Result "0-1"]
[WhiteElo "1402"]
[BlackElo "1756"]
[PlyCount "37"]
[EventDate "2019.08.02"]
[EventType "swiss"]
[EventRounds "6"]
[EventCountry "BRA"]
[SourceTitle "EXT 2020"]
[Source "ChessBase"]
[SourceDate "2019.10.17"]
[SourceVersion "1"]
[SourceVersionDate "2019.10.17"]
[SourceQuality "1"]

1. d4 d5 2. c4 c6 3. e3 Nf6 4. Nf3 e6 5. Be2 Nbd7 6. Nc3 a6 7. a4 dxc4 8. Bxc4 Bb4 9. 0-0 0-0 10. Bd2 Qe7 11. Qb3 Nb6 12. Be2 a5 13. Rac1 Nbd7 14. Rfd1 e5 15. Bc4 exd4 16. exd4 Nb6 17. Re1 Qd8 18. Kf1 Be6 19. Qc2 0-1

[Event "Norte Nordeste-ch Amateur U2000"]
[Site "Fortaleza"]
[Date "2019.04.26"]
[Round "1"]
[White "Soares, Paulo Henrique Dos"]
[Black "Lima Filho, Jose Pacifico"]
[Result "1-0"]
[WhiteElo "1899"]
[BlackElo "1808"]
[PlyCount "65"]
[EventDate "2019.04.26"]
[EventType "swiss"]
[EventRounds "6"]
[EventCountry "BRA"]
[SourceTitle "EXT 2020"]
[Source "ChessBase"]
[SourceDate "2019.10.17"]
[SourceVersion "1"]
[SourceVersionDate "2019.10.17"]
[SourceQuality "1"]

1. Nc3 Nf6 2. e4 Nc6 3. f4 e5 4. fxe5 Nxe5 5. d4 Ng6 6. e5 Ng8 7. Bc4 c6 8. Qf3 f6 9. Bd2 d5 10. exd6 Qxd6 11. Nge2 Be7 12. Ne4 Qc7 13. Qb3 Bf5 14. N4g3 Bg4 15. Bxg8 0-0-0 16. Be6+ Bxe6 17. Qxe6+ Kb8 18. 0-0-0 Bd6 19. Qg4 Qf7 20. Nc3 Bb4 21. Kb1 h5 22. Nxh5 Bxc3 23. Bxc3 Rd5 24. Qg3+ Kc8 25. Nf4 Rg5 26. Nxg6 Qxg6 27. Qe3 Rxg2 28. Qe6+ Kc7 29. Bd2 b6 30. d5 Qe8 31. Bf4+ Kb7 32. dxc6+ Ka8 33. Qd5 1-0

[Event "Joao Pessoa Fischer Memorial 10th"]
[Site "Joao Pessoa"]
[Date "2019.03.31"]
[Round "5"]
[White "Lima Filho, Jose Pacifico"]
[Black "De Souza, Paulo H Pinheiro"]
[Result "1-0"]
[WhiteElo "1821"]
[BlackElo "1630"]
[PlyCount "83"]
[EventDate "2019.03.29"]
[EventType "swiss"]
[EventRounds "6"]
[EventCountry "BRA"]
[SourceTitle "CBM 190 Extra"]
[Source "ChessBase"]
[SourceDate "2019.07.15"]
[SourceVersion "1"]
[SourceVersionDate "2019.07.15"]
[SourceQuality "1"]

1. d4 Nf6 2. Nf3 e6 3. Bf4 c5 4. c3 Qb6 5. Qc2 cxd4 6. cxd4 Nc6 7. e3 Qa5+ 8. Nc3 Nb4 9. Qc1 Nbd5 10. a3 Nxf4 11. exf4 Be7 12. Bd3 0-0 13. 0-0 b6 14. Ne5 Bb7 15. b4 Bxb4 16. axb4 Qxb4 17. Ra4 Qe7 18. Qe3 d6 19. Nf3 Ng4 20. Qe2 Nf6 21. Re1 Qd7 22. Bb5 Bc6 23. Bxc6 Qxc6 24. Rc4 Qb7 25. Nb5 a6 26. Nxd6 Qd5 27. Qe5 Rfd8 28. Qxd5 Nxd5 29. Ne4 b5 30. Rc5 Rac8 31. g3 Nb6 32. Rec1 Rxc5 33. Nxc5 a5 34. Nb7 Ra8 35. Rc6 Nc4 36. Ne5 a4 37. Nxc4 bxc4 38. Rxc4 a3 39. Na5 a2 40. Ra4 Rd8 41. Rxa2 Rxd4 42. Nc6 1-0

[Event "Brasilia Terraviva op"]
[Site "Brasilia"]
[Date "2019.01.12"]
[Round "4"]
[White "Campelo, Leandro Fabricio"]
[Black "Lima Filho, Jose Pacifico"]
[Result "1-0"]
[WhiteElo "2201"]
[BlackElo "1814"]
[PlyCount "49"]
[EventDate "2019.01.10"]
[EventType "swiss"]
[EventRounds "7"]
[EventCountry "BRA"]
[SourceTitle "CBM 188 Extra"]
[Source "ChessBase"]
[SourceDate "2019.02.26"]
[SourceVersion "1"]
[SourceVersionDate "2019.02.26"]
[SourceQuality "1"]

1. e4 e6 2. d4 d5 3. Nc3 dxe4 4. Nxe4 Nd7 5. Nf3 Ngf6 6. Nxf6+ Nxf6 7. Bd3 Be7 8. Qe2 0-0 9. 0-0 b6 10. c4 Bb7 11. Rd1 Re8 12. Bf4 Qc8 13. a3 a5 14. Ne5 c5 15. Be3 Bd6 16. f4 Be4 17. Bf2 Bxd3 18. Rxd3 Qc7 19. Rad1 Rad8 20. h3 h6 21. Kh1 Rc8 22. dxc5 Bxc5 23. Bh4 Rcd8 24. Bxf6 gxf6 25. Rd7 1-0

[Event "Belem Amazon op U2200"]
[Site "Belem"]
[Date "2018.05.20"]
[Round "6"]
[White "Teixeira, Euclides"]
[Black "Lima Filho, Jose Pacifico"]
[Result "1-0"]
[WhiteElo "1983"]
[BlackElo "1813"]
[PlyCount "49"]
[EventDate "2018.05.18"]
[EventType "swiss"]
[EventRounds "6"]
[EventCountry "BRA"]
[SourceTitle "EXT 2019"]
[Source "ChessBase"]
[SourceDate "2018.10.10"]
[SourceVersion "1"]
[SourceVersionDate "2018.10.10"]
[SourceQuality "1"]

1. e4 e6 2. d4 d5 3. Nd2 dxe4 4. Nxe4 Nd7 5. Bc4 Ngf6 6. Ng3 a6 7. Nf3 b5 8. Bb3 Bb7 9. Qe2 Nb6 10. Bg5 Be7 11. Rd1 0-0 12. 0-0 h6 13. Bc1 Bd6 14. Ne5 Qe7 15. Nh5 Rad8 16. Rfe1 c5 17. c3 cxd4 18. Rxd4 Bc5 19. Nxf6+ Qxf6 20. Rf4 Qe7 21. Qh5 Nd5 22. Bxd5 Rxd5 23. Rg4 Bd6 24. Rxg7+ Kxg7 25. Bxh6+ 1-0